Tìm hiểu pháp luật về bảo tồn di sản văn hóa

Gồm 98 câu hỏi - đáp pháp luật về bảo tồn di sản văn hoá: khái niệm di sản văn hoá, đối tượng điều chỉnh của Luật di sản văn hoá hiện hành, qui định về những đối tượng có quyền quản lý, sở hữu di sản văn hoá, chính sách của nhà nước...

Deskribapen osoa

Gorde:
Xehetasun bibliografikoak
Egile nagusia: Lê, Văn Quý
Formatua: Liburua
Hizkuntza:Undetermined
Argitaratua: Hà Nội Chính trị Quốc gia 2014
Gaiak:
Etiketak: Etiketa erantsi
Etiketarik gabe, Izan zaitez lehena erregistro honi etiketa jartzen!
Thư viện lưu trữ: Trung tâm Học liệu Trường Đại học Cần Thơ
LEADER 01309nam a2200229Ia 4500
001 CTU_199787
008 210402s9999 xx 000 0 und d
020 |c 30000 
082 |a 344.59709 
082 |b Qu600 
100 |a Lê, Văn Quý 
245 0 |a Tìm hiểu pháp luật về bảo tồn di sản văn hóa 
245 0 |c Lê Văn Quý 
260 |a Hà Nội 
260 |b Chính trị Quốc gia 
260 |c 2014 
520 |a Gồm 98 câu hỏi - đáp pháp luật về bảo tồn di sản văn hoá: khái niệm di sản văn hoá, đối tượng điều chỉnh của Luật di sản văn hoá hiện hành, qui định về những đối tượng có quyền quản lý, sở hữu di sản văn hoá, chính sách của nhà nước, mục đích của việc bảo tồn, trách nhiệm của cơ quan nhà nước trong công tác bảo tồn và phát huy giá trị di sản văn hoá... 
650 |a Cultural property,Di sản văn hóa 
650 |x Protection,Law and legislation,Bảo tồn,Luật và các văn bản quy phạm pháp luật 
650 |z Vietnam,Việt Nam 
904 |i Hải 
980 |a Trung tâm Học liệu Trường Đại học Cần Thơ